[Event "ODJM B 2025"]
[Site "Willingen GER"]
[Date "2025.06.08"]
[Round "1"]
[White "Huber, Ben"]
[Black "Ensslen, Jakob"]
[Result "1-0"]
[Termination "normal"]
[Board "6"]
[WhiteElo "1711"]
[BlackElo "1682"]
[WhiteClock "01:20:06"]
[BlackClock "00:03:06"]
[PlyCount "59"]
[WhiteFideId "34677062"]
[BlackFideId "34640258"]
[EventCountry "GER"]
[EventRounds "9"]
[EventType "swiss"]
[EventDate "2025.06.07"]

1. e4 {[%clk 01:30:24]} {[%emt 00:00:36]} e5 {[%clk 01:30:54]} {[%emt
00:00:07]} 2. Nf3 {[%clk 01:30:50]} {[%emt 00:00:03]} Nf6 {[%clk 01:31:18]}
{[%emt 00:00:07]} 3. Nxe5 {[%clk 01:29:26]} {[%emt 00:01:55]} d6 {[%clk
01:31:42]} {[%emt 00:00:06]} 4. Nf3 {[%clk 01:29:23]} {[%emt 00:00:32]} Nxe4
{[%clk 01:32:04]} {[%emt 00:00:07]} 5. d4 {[%clk 01:27:49]} {[%emt 00:02:04]}
d5 {[%clk 01:32:29]} {[%emt 00:00:06]} 6. Bd3 {[%clk 01:28:08]} {[%emt
00:00:11]} Bf5 {[%clk 01:32:40]} {[%emt 00:00:19]} 7. O-O {[%clk 01:27:55]}
{[%emt 00:00:44]} Nd7 {[%clk 01:29:26]} {[%emt 00:03:43]} 8. c4 {[%clk
01:25:57]} {[%emt 00:02:28]} c6 {[%clk 01:27:37]} {[%emt 00:02:20]} 9. Re1
{[%clk 01:25:21]} {[%emt 00:01:05]} Be7 {[%clk 01:26:30]} {[%emt 00:01:37]} 10.
Nc3 {[%clk 01:24:50]} {[%emt 00:01:01]} Nxc3 {[%clk 01:24:11]} {[%emt
00:02:49]} 11. bxc3 {[%clk 01:24:38]} {[%emt 00:00:42]} Bxd3 {[%clk 01:23:15]}
{[%emt 00:01:26]} 12. Qxd3 {[%clk 01:24:05]} {[%emt 00:01:03]} O-O {[%clk
01:21:54]} {[%emt 00:01:51]} 13. a4 {[%clk 01:23:38]} {[%emt 00:00:58]} Nf6
{[%clk 01:09:13]} {[%emt 00:13:11]} 14. c5 {[%clk 01:21:47]} {[%emt 00:02:21]}
Ne4 {[%clk 01:00:00]} {[%emt 00:09:42]} 15. Bf4 {[%clk 01:19:29]} {[%emt
00:02:47]} Re8 {[%clk 00:44:50]} {[%emt 00:15:41]} 16. Rab1 {[%clk 01:17:42]}
{[%emt 00:02:17]} Qa5 {[%clk 00:37:03]} {[%emt 00:08:16]} 17. Rxb7 {[%clk
01:15:29]} {[%emt 00:02:44]} Qxa4 {[%clk 00:35:40]} {[%emt 00:01:53]} 18. Ne5
{[%clk 01:01:30]} {[%emt 00:14:29]} f6 {[%clk 00:29:33]} {[%emt 00:06:37]} 19.
Nd7 {[%clk 00:59:49]} {[%emt 00:02:11]} Qa2 {[%clk 00:25:01]} {[%emt 00:05:02]}
20. Qe3 {[%clk 00:54:48]} {[%emt 00:05:31]} Bd8 {[%clk 00:18:21]} {[%emt
00:07:09]} 21. f3 {[%clk 00:54:17]} {[%emt 00:01:01]} Nd6 {[%clk 00:15:44]}
{[%emt 00:03:08]} 22. Qc1 {[%clk 00:53:09]} {[%emt 00:01:38]} Qa6 {[%clk
00:06:21]} {[%emt 00:09:53]} 23. Bxd6 {[%clk 00:53:13]} {[%emt 00:00:26]} Qxb7
{[%clk 00:06:24]} {[%emt 00:00:28]} 24. Rxe8+ {[%clk 00:53:34]} {[%emt
00:00:08]} Kf7 {[%clk 00:06:48]} {[%emt 00:00:06]} 25. Rf8+ {[%clk 00:52:35]}
{[%emt 00:01:28]} Kg6 {[%clk 00:07:01]} {[%emt 00:00:15]} 26. Qc2+ {[%clk
00:52:51]} {[%emt 00:00:16]} Kh6 {[%clk 00:06:23]} {[%emt 00:01:08]} 27. Rf7
{[%clk 00:51:56]} {[%emt 00:01:26]} Bc7 {[%clk 00:05:02]} {[%emt 00:01:51]} 28.
Qd2+ {[%clk 00:51:03]} {[%emt 00:01:22]} Kg6 {[%clk 00:05:07]} {[%emt
00:00:25]} 29. Re7 {[%clk 00:49:52]} {[%emt 00:01:42]} Rd8 {[%clk 00:03:06]}
{[%emt 00:02:31]} 30. Bxc7 {[%clk 01:20:06]} {[%emt 00:00:16]} 1-0

[Event "ODJM B 2025"]
[Site "Willingen GER"]
[Date "2025.06.08"]
[Round "1"]
[White "Ott, Claudius"]
[Black "Stepanjan, Tatevik Mia"]
[Result "1-0"]
[Termination "normal"]
[Board "7"]
[WhiteElo "1835"]
[BlackElo "1604"]
[WhiteClock "00:46:11"]
[BlackClock "00:22:17"]
[PlyCount "57"]
[WhiteFideId "34621024"]
[BlackFideId "16246128"]
[EventCountry "GER"]
[EventRounds "9"]
[EventType "swiss"]
[EventDate "2025.06.07"]

1. e4 {[%clk 01:30:53]} {[%emt 00:00:07]} c5 {[%clk 01:30:50]} {[%emt
00:00:10]} 2. Nf3 {[%clk 01:31:19]} {[%emt 00:00:05]} e6 {[%clk 01:30:50]}
{[%emt 00:00:30]} 3. d4 {[%clk 01:31:41]} {[%emt 00:00:07]} cxd4 {[%clk
01:30:58]} {[%emt 00:00:22]} 4. Nxd4 {[%clk 01:32:05]} {[%emt 00:00:06]} a6
{[%clk 01:30:33]} {[%emt 00:00:56]} 5. c4 {[%clk 01:32:29]} {[%emt 00:00:05]}
Nc6 {[%clk 01:30:35]} {[%emt 00:00:27]} 6. Nc3 {[%clk 01:32:05]} {[%emt
00:00:54]} Bb4 {[%clk 01:29:01]} {[%emt 00:02:05]} 7. Be3 {[%clk 01:28:17]}
{[%emt 00:04:19]} Nf6 {[%clk 01:27:00]} {[%emt 00:02:30]} 8. Bd3 {[%clk
01:26:31]} {[%emt 00:02:16]} d5 {[%clk 01:21:53]} {[%emt 00:05:38]} 9. Nxc6
{[%clk 01:13:06]} {[%emt 00:13:55]} bxc6 {[%clk 01:21:07]} {[%emt 00:01:16]}
10. cxd5 {[%clk 01:11:31]} {[%emt 00:02:04]} exd5 {[%clk 01:18:53]} {[%emt
00:02:44]} 11. Qa4 {[%clk 01:02:00]} {[%emt 00:10:02]} Bxc3+ {[%clk 01:04:52]}
{[%emt 00:14:30]} 12. bxc3 {[%clk 01:01:48]} {[%emt 00:00:43]} Bd7 {[%clk
01:04:41]} {[%emt 00:00:41]} 13. Bc5 {[%clk 00:59:55]} {[%emt 00:02:23]} Qb8
{[%clk 00:48:20]} {[%emt 00:16:50]} 14. O-O {[%clk 00:53:20]} {[%emt 00:07:04]}
Ng4 {[%clk 00:38:48]} {[%emt 00:10:02]} 15. f4 {[%clk 00:52:01]} {[%emt
00:01:49]} Qc7 {[%clk 00:28:21]} {[%emt 00:10:58]} 16. exd5 {[%clk 00:46:48]}
{[%emt 00:05:43]} cxd5 {[%clk 00:27:33]} {[%emt 00:01:18]} 17. Rfe1+ {[%clk
00:46:53]} {[%emt 00:00:24]} Kd8 {[%clk 00:26:44]} {[%emt 00:01:19]} 18. Be7+
{[%clk 00:47:14]} {[%emt 00:00:10]} Kc8 {[%clk 00:25:30]} {[%emt 00:01:44]} 19.
Bxa6+ {[%clk 00:47:27]} {[%emt 00:00:16]} Rxa6 {[%clk 00:22:07]} 20. Qxa6+
{[%clk 00:47:51]} {[%emt 00:03:59]} Qb7 {[%clk 00:21:46]} {[%emt 00:00:51]} 21.
Qxb7+ {[%clk 00:48:00]} {[%emt 00:00:22]} Kxb7 {[%clk 00:22:07]} {[%emt
00:00:09]} 22. h3 {[%clk 00:48:08]} {[%emt 00:00:21]} Nh6 {[%clk 00:21:42]}
{[%emt 00:00:55]} 23. a4 {[%clk 00:45:59]} {[%emt 00:02:40]} Ra8 {[%clk
00:21:47]} {[%emt 00:00:25]} 24. a5 {[%clk 00:46:07]} {[%emt 00:00:22]} Nf5
{[%clk 00:21:54]} {[%emt 00:00:22]} 25. a6+ {[%clk 00:45:54]} {[%emt 00:00:44]}
Rxa6 {[%clk 00:22:07]} {[%emt 00:00:16]} 26. Rxa6 {[%clk 00:45:43]} {[%emt
00:00:42]} Kxa6 {[%clk 00:22:30]} {[%emt 00:00:08]} 27. Bb4 {[%clk 00:45:32]}
{[%emt 00:00:39]} Be6 {[%clk 00:22:06]} {[%emt 00:00:54]} 28. g4 {[%clk
00:45:46]} {[%emt 00:00:16]} Nh4 {[%clk 00:22:17]} {[%emt 00:00:19]} 29. Kf2
{[%clk 00:46:11]} {[%emt 00:00:05]} 1-0

[Event "ODJM B 2025"]
[Site "Willingen GER"]
[Date "2025.06.08"]
[Round "1"]
[White "Schiewe, Nadin"]
[Black "Negru, Maximilian"]
[Result "0-1"]
[Termination "normal"]
[Board "8"]
[WhiteElo "1764"]
[BlackElo "1694"]
[WhiteClock "00:05:41"]
[BlackClock "00:55:53"]
[PlyCount "72"]
[WhiteFideId "16209079"]
[BlackFideId "16298136"]
[EventCountry "GER"]
[EventRounds "9"]
[EventType "swiss"]
[EventDate "2025.06.07"]

1. d4 {[%clk 01:30:57]} {[%emt 00:00:03]} d5 {[%clk 01:30:57]} {[%emt
00:00:04]} 2. c4 {[%clk 01:31:19]} {[%emt 00:00:07]} dxc4 {[%clk 01:31:24]}
{[%emt 00:00:04]} 3. e3 {[%clk 01:31:37]} {[%emt 00:00:11]} Nf6 {[%clk
01:31:50]} {[%emt 00:00:05]} 4. Bxc4 {[%clk 01:31:45]} {[%emt 00:00:22]} c5
{[%clk 01:31:53]} {[%emt 00:00:27]} 5. Ne2 {[%clk 01:30:24]} {[%emt 00:01:50]}
e6 {[%clk 01:31:32]} {[%emt 00:00:52]} 6. Nbc3 {[%clk 01:29:51]} {[%emt
00:01:02]} a6 {[%clk 01:31:28]} {[%emt 00:00:34]} 7. O-O {[%clk 01:28:12]}
{[%emt 00:02:09]} b5 {[%clk 01:31:12]} {[%emt 00:00:47]} 8. Bb3 {[%clk
01:27:54]} {[%emt 00:00:49]} Bb7 {[%clk 01:28:50]} {[%emt 00:02:51]} 9. a3
{[%clk 01:19:14]} {[%emt 00:09:10]} c4 {[%clk 01:22:40]} {[%emt 00:06:40]} 10.
Ba2 {[%clk 01:18:35]} {[%emt 00:01:09]} Bd6 {[%clk 01:23:01]} {[%emt 00:00:09]}
11. Ng3 {[%clk 01:14:07]} {[%emt 00:04:58]} h5 {[%clk 01:21:27]} {[%emt
00:02:04]} 12. Bb1 {[%clk 01:08:55]} {[%emt 00:05:42]} Bxg3 {[%clk 01:20:15]}
{[%emt 00:01:42]} 13. hxg3 {[%clk 01:08:11]} {[%emt 00:01:13]} h4 {[%clk
01:20:10]} {[%emt 00:00:35]} 14. gxh4 {[%clk 01:02:11]} {[%emt 00:06:31]} Rxh4
{[%clk 01:20:02]} {[%emt 00:00:37]} 15. e4 {[%clk 00:54:00]} {[%emt 00:08:41]}
Nxe4 {[%clk 01:16:12]} {[%emt 00:04:20]} 16. Bxe4 {[%clk 00:53:49]} {[%emt
00:00:41]} Bxe4 {[%clk 01:16:27]} {[%emt 00:00:15]} 17. Nxe4 {[%clk 00:53:51]}
{[%emt 00:00:29]} Rxe4 {[%clk 01:16:44]} {[%emt 00:00:12]} 18. Qf3 {[%clk
00:46:39]} {[%emt 00:07:43]} Qd5 {[%clk 01:16:28]} {[%emt 00:00:45]} 19. Be3
{[%clk 00:43:35]} {[%emt 00:03:34]} Nc6 {[%clk 01:15:41]} {[%emt 00:01:18]} 20.
Rfd1 {[%clk 00:39:09]} {[%emt 00:04:55]} Rd8 {[%clk 01:15:41]} {[%emt
00:00:30]} 21. Qh3 {[%clk 00:36:18]} {[%emt 00:03:21]} Ke7 {[%clk 01:06:08]}
{[%emt 00:10:04]} 22. Qg3 {[%clk 00:29:46]} {[%emt 00:07:01]} g6 {[%clk
01:04:32]} {[%emt 00:02:07]} 23. Qc7+ {[%clk 00:20:23]} {[%emt 00:09:53]} Rd7
{[%clk 01:04:37]} {[%emt 00:00:25]} 24. Qb6 {[%clk 00:19:48]} {[%emt 00:01:04]}
Rg4 {[%clk 01:02:28]} {[%emt 00:02:39]} 25. Qc5+ {[%clk 00:14:48]} {[%emt
00:05:30]} Qxc5 {[%clk 00:59:16]} {[%emt 00:03:42]} 26. dxc5 {[%clk 00:15:11]}
{[%emt 00:00:08]} Ne5 {[%clk 00:58:10]} {[%emt 00:01:35]} 27. Rxd7+ {[%clk
00:11:31]} {[%emt 00:04:11]} Kxd7 {[%clk 00:58:33]} {[%emt 00:00:07]} 28. Rd1+
{[%clk 00:11:49]} {[%emt 00:00:11]} Nd3 {[%clk 00:58:27]} {[%emt 00:00:37]} 29.
b3 {[%clk 00:11:11]} {[%emt 00:01:08]} Re4 {[%clk 00:56:47]} {[%emt 00:02:10]}
30. bxc4 {[%clk 00:10:45]} {[%emt 00:00:56]} bxc4 {[%clk 00:56:54]} {[%emt
00:00:23]} 31. Rb1 {[%clk 00:09:38]} {[%emt 00:01:36]} Kc7 {[%clk 00:56:01]}
{[%emt 00:01:23]} 32. Rb6 {[%clk 00:09:12]} {[%emt 00:00:56]} c3 {[%clk
00:55:23]} {[%emt 00:01:08]} 33. Rxa6 {[%clk 00:07:40]} {[%emt 00:02:02]} c2
{[%clk 00:55:35]} {[%emt 00:00:18]} 34. Ra7+ {[%clk 00:06:21]} {[%emt
00:01:49]} Kb8 {[%clk 00:55:42]} {[%emt 00:00:23]} 35. c6 {[%clk 00:05:33]}
{[%emt 00:01:18]} Rxe3 {[%clk 00:55:28]} {[%emt 00:00:44]} 36. c7+ {[%clk
00:05:41]} {[%emt 00:00:22]} Kc8 {[%clk 00:55:53]} {[%emt 00:00:06]} 0-1

[Event "ODJM B 2025"]
[Site "Willingen GER"]
[Date "2025.06.08"]
[Round "1"]
[White "Fischermann, Simon"]
[Black "Rotärmel, Leonie"]
[Result "1-0"]
[Termination "normal"]
[Board "9"]
[WhiteElo "1847"]
[BlackElo "1699"]
[WhiteClock "00:41:20"]
[BlackClock "00:10:09"]
[PlyCount "100"]
[WhiteFideId "34620869"]
[BlackFideId "16281390"]
[EventCountry "GER"]
[EventRounds "9"]
[EventType "swiss"]
[EventDate "2025.06.07"]

1. e4 {[%clk 01:30:54]} {[%emt 00:00:06]} e6 {[%clk 01:30:55]} {[%emt
00:00:05]} 2. d4 {[%clk 01:31:20]} {[%emt 00:00:05]} d5 {[%clk 01:31:21]}
{[%emt 00:00:03]} 3. exd5 {[%clk 01:31:45]} {[%emt 00:00:05]} exd5 {[%clk
01:31:47]} {[%emt 00:00:05]} 4. Nc3 {[%clk 01:32:10]} {[%emt 00:00:04]} c6
{[%clk 01:31:54]} {[%emt 00:00:23]} 5. Bd3 {[%clk 01:32:20]} {[%emt 00:00:20]}
Bd6 {[%clk 01:32:03]} {[%emt 00:00:21]} 6. Nge2 {[%clk 01:31:22]} {[%emt
00:01:27]} Ne7 {[%clk 01:31:43]} {[%emt 00:00:50]} 7. Ng3 {[%clk 01:28:24]}
{[%emt 00:03:29]} Be6 {[%clk 01:12:07]} {[%emt 00:20:05]} 8. O-O {[%clk
01:24:14]} {[%emt 00:04:41]} Nd7 {[%clk 01:07:41]} {[%emt 00:04:55]} 9. Nce2
{[%clk 01:16:44]} {[%emt 00:08:01]} Qc7 {[%clk 01:03:45]} {[%emt 00:04:26]} 10.
Nh5 {[%clk 01:02:23]} {[%emt 00:14:51]} O-O-O {[%clk 00:40:24]} {[%emt
00:23:51]} 11. Bf4 {[%clk 01:02:29]} {[%emt 00:00:23]} Bxf4 {[%clk 00:36:42]}
{[%emt 00:04:14]} 12. Nhxf4 {[%clk 01:02:50]} {[%emt 00:00:08]} Bf5 {[%clk
00:35:43]} {[%emt 00:01:28]} 13. b4 {[%clk 01:02:42]} {[%emt 00:00:38]} g5
{[%clk 00:33:09]} {[%emt 00:03:04]} 14. Bxf5 {[%clk 01:01:57]} {[%emt
00:01:16]} Nxf5 {[%clk 00:23:56]} {[%emt 00:09:43]} 15. Nd3 {[%clk 01:02:02]}
{[%emt 00:00:24]} h5 {[%clk 00:20:53]} {[%emt 00:03:34]} 16. a4 {[%clk
01:01:46]} {[%emt 00:00:45]} Nf6 {[%clk 00:11:43]} {[%emt 00:09:41]} 17. Ne5
{[%clk 00:59:43]} {[%emt 00:02:32]} Ng4 {[%clk 00:11:29]} {[%emt 00:00:44]} 18.
Nxg4 {[%clk 00:57:37]} {[%emt 00:02:37]} hxg4 {[%clk 00:11:55]} {[%emt
00:00:04]} 19. Ng3 {[%clk 00:57:30]} {[%emt 00:00:38]} Rh4 {[%clk 00:08:02]}
{[%emt 00:04:21]} 20. Qd3 {[%clk 00:55:43]} {[%emt 00:02:18]} Ng7 {[%clk
00:07:35]} {[%emt 00:00:57]} 21. Rfe1 {[%clk 00:54:21]} {[%emt 00:01:51]} Rdh8
{[%clk 00:06:44]} {[%emt 00:01:22]} 22. c4 {[%clk 00:42:04]} {[%emt 00:12:46]}
dxc4 {[%clk 00:06:02]} {[%emt 00:01:13]} 23. Qxc4 {[%clk 00:42:06]} {[%emt
00:00:28]} Rxh2 {[%clk 00:03:47]} {[%emt 00:02:45]} 24. d5 {[%clk 00:42:04]}
{[%emt 00:00:33]} f5 {[%clk 00:01:39]} {[%emt 00:02:37]} 25. dxc6 {[%clk
00:38:03]} {[%emt 00:04:32]} f4 {[%clk 00:01:34]} {[%emt 00:00:35]} 26. cxb7+
{[%clk 00:29:40]} {[%emt 00:08:52]} Kxb7 {[%clk 00:00:42]} {[%emt 00:01:22]}
27. Qb5+ {[%clk 00:24:23]} {[%emt 00:05:47]} Qb6 {[%clk 00:00:38]} {[%emt
00:00:34]} 28. Re7+ {[%clk 00:24:38]} {[%emt 00:00:15]} Kb8 {[%clk 00:00:41]}
{[%emt 00:00:27]} 29. Qe5+ {[%clk 00:16:55]} {[%emt 00:08:12]} Ka8 {[%clk
00:00:51]} {[%emt 00:00:21]} 30. Qd5+ {[%clk 00:17:09]} {[%emt 00:00:16]} Kb8
{[%clk 00:01:10]} {[%emt 00:00:11]} 31. Rxg7 {[%clk 00:16:32]} {[%emt
00:01:06]} fxg3 {[%clk 00:01:25]} {[%emt 00:00:16]} 32. Rg8+ {[%clk 00:16:45]}
{[%emt 00:00:17]} Rxg8 {[%clk 00:01:43]} {[%emt 00:00:12]} 33. Qxg8+ {[%clk
00:17:13]} {[%emt 00:00:02]} Kb7 {[%clk 00:02:03]} {[%emt 00:00:09]} 34. Qd5+
{[%clk 00:17:35]} {[%emt 00:00:07]} Kb8 {[%clk 00:02:15]} {[%emt 00:00:19]} 35.
Qe5+ {[%clk 00:17:47]} {[%emt 00:00:17]} Qc7 {[%clk 00:02:29]} {[%emt
00:00:17]} 36. Qxc7+ {[%clk 00:18:07]} {[%emt 00:00:11]} Kxc7 {[%clk 00:02:55]}
{[%emt 00:00:04]} 37. fxg3 {[%emt 00:00:11]} Rh6 {[%clk 00:03:19]} 38. Re1
{[%clk 00:16:40]} {[%emt 00:02:20]} Rd6 {[%clk 00:00:34]} {[%emt 00:03:17]} 39.
Re4 {[%clk 00:16:39]} {[%emt 00:00:31]} Rd1+ {[%clk 00:00:50]} {[%emt
00:00:14]} 40. Kh2 {[%clk 00:17:07]} {[%emt 00:00:02]} Ra1 {[%clk 00:00:45]}
{[%emt 00:00:35]} 41. a5 {[%clk 00:17:27]} {[%emt 00:00:10]} Rd1 {[%clk
00:00:45]} {[%emt 00:00:30]} 42. Rxg4 {[%clk 00:17:47]} {[%emt 00:00:10]} Rd5
{[%clk 00:01:06]} {[%emt 00:00:09]} 43. Rc4+ {[%clk 00:16:56]} {[%emt
00:01:20]} Kb7 {[%clk 00:01:13]} {[%emt 00:00:24]} 44. Kh3 {[%clk 00:16:55]}
{[%emt 00:00:30]} Ka6 {[%clk 00:01:08]} {[%emt 00:00:37]} 45. Kg4 {[%clk
00:16:42]} {[%emt 00:00:40]} Kb5 {[%clk 00:00:32]} {[%emt 00:01:08]} 46. Re4
{[%clk 00:14:06]} {[%emt 00:03:05]} Ka4 {[%clk 00:09:05]} {[%emt 00:21:57]} 47.
Re7 {[%clk 00:43:29]} {[%emt 00:01:05]} a6 {[%clk 00:09:34]} {[%emt 00:00:04]}
48. Re6 {[%clk 00:43:30]} {[%emt 00:00:28]} Kxb4 {[%clk 00:09:39]} {[%emt
00:00:27]} 49. Rxa6 {[%clk 00:43:49]} {[%emt 00:00:09]} Kb5 {[%clk 00:10:06]}
{[%emt 00:00:04]} 50. Rg6 {[%clk 00:41:20]} {[%emt 00:02:58]} Kxa5 {[%clk
00:10:09]} {[%emt 00:00:28]} 1-0

[Event "ODJM B 2025"]
[Site "Willingen GER"]
[Date "2025.06.08"]
[Round "1"]
[White "Lau, Lars"]
[Black "Rutkowski, Lian"]
[Result "0-1"]
[Termination "normal"]
[Board "10"]
[WhiteElo "1569"]
[BlackElo "1815"]
[WhiteClock "00:48:00"]
[BlackClock "01:09:41"]
[PlyCount "78"]
[WhiteFideId "34623663"]
[BlackFideId "34650539"]
[EventCountry "GER"]
[EventRounds "9"]
[EventType "swiss"]
[EventDate "2025.06.07"]

1. d4 {[%clk 01:30:58]} {[%emt 00:00:02]} Nf6 {[%clk 01:30:55]} {[%emt
00:00:05]} 2. c4 {[%clk 01:31:25]} {[%emt 00:00:03]} e6 {[%clk 01:31:18]}
{[%emt 00:00:07]} 3. Nc3 {[%clk 01:31:49]} {[%emt 00:00:06]} Bb4 {[%clk
01:31:44]} {[%emt 00:00:05]} 4. e3 {[%clk 01:32:10]} {[%emt 00:00:09]} O-O
{[%clk 01:32:02]} {[%emt 00:00:11]} 5. Nf3 {[%clk 01:32:33]} {[%emt 00:00:07]}
b6 {[%clk 01:32:17]} {[%emt 00:00:15]} 6. Be2 {[%clk 01:32:50]} {[%emt
00:00:12]} Bb7 {[%clk 01:32:41]} {[%emt 00:00:07]} 7. O-O {[%clk 01:33:13]}
{[%emt 00:00:07]} c5 {[%clk 01:32:55]} {[%emt 00:00:15]} 8. Qc2 {[%clk
01:30:49]} {[%emt 00:02:55]} Bxc3 {[%clk 01:23:48]} {[%emt 00:09:38]} 9. bxc3
{[%clk 01:30:40]} {[%emt 00:00:39]} d6 {[%clk 01:20:54]} {[%emt 00:03:23]} 10.
Rd1 {[%clk 01:28:28]} {[%emt 00:02:42]} Qe7 {[%clk 01:19:42]} {[%emt 00:01:41]}
11. Ba3 {[%clk 01:27:15]} {[%emt 00:01:44]} Nc6 {[%clk 01:17:15]} {[%emt
00:02:56]} 12. d5 {[%clk 01:24:07]} {[%emt 00:03:39]} Na5 {[%clk 01:17:39]}
{[%emt 00:00:05]} 13. e4 {[%clk 01:22:37]} {[%emt 00:02:00]} e5 {[%clk
01:16:45]} {[%emt 00:01:24]} 14. Nd2 {[%clk 01:19:08]} {[%emt 00:04:00]} Ba6
{[%clk 01:16:14]} {[%emt 00:01:02]} 15. Qa4 {[%clk 01:16:33]} {[%emt 00:03:04]}
Qd7 {[%clk 01:16:31]} {[%emt 00:00:13]} 16. Qxd7 {[%clk 01:13:58]} {[%emt
00:03:04]} Nxd7 {[%clk 01:16:54]} {[%emt 00:00:07]} 17. Bd3 {[%clk 01:11:06]}
{[%emt 00:03:23]} g6 {[%clk 01:15:44]} {[%emt 00:01:40]} 18. g4 {[%clk
01:10:00]} {[%emt 00:01:36]} Kg7 {[%clk 01:16:08]} {[%emt 00:00:06]} 19. g5
{[%clk 01:08:44]} {[%emt 00:01:46]} h6 {[%clk 01:14:41]} {[%emt 00:01:57]} 20.
gxh6+ {[%clk 01:08:52]} {[%emt 00:00:22]} Kxh6 {[%clk 01:15:03]} {[%emt
00:00:08]} 21. f3 {[%clk 01:00:32]} {[%emt 00:08:50]} Kg7 {[%clk 01:15:19]}
{[%emt 00:00:14]} 22. Kf2 {[%clk 00:59:49]} {[%emt 00:01:13]} Rh8 {[%clk
01:15:41]} {[%emt 00:00:09]} 23. Rh1 {[%clk 01:00:13]} {[%emt 00:00:06]} Nf6
{[%clk 01:15:03]} {[%emt 00:01:08]} 24. Rag1 {[%clk 00:56:15]} {[%emt
00:04:27]} Nh5 {[%clk 01:15:19]} {[%emt 00:00:14]} 25. h4 {[%clk 00:55:57]}
{[%emt 00:00:48]} Nf4 {[%clk 01:15:41]} {[%emt 00:00:08]} 26. Ke3 {[%clk
00:56:17]} {[%emt 00:00:10]} Rh5 {[%clk 01:13:26]} {[%emt 00:02:45]} 27. Rg4
{[%clk 00:54:53]} {[%emt 00:01:54]} Rah8 {[%clk 01:13:45]} {[%emt 00:00:10]}
28. Bf1 {[%clk 00:55:15]} {[%emt 00:00:09]} Kf8 {[%clk 01:12:54]} {[%emt
00:01:21]} 29. Bc1 {[%clk 00:50:06]} {[%emt 00:05:39]} f5 {[%clk 01:13:01]}
{[%emt 00:00:22]} 30. exf5 {[%clk 00:50:30]} {[%emt 00:00:07]} gxf5 {[%clk
01:13:23]} {[%emt 00:00:08]} 31. Rg3 {[%clk 00:50:48]} {[%emt 00:00:11]} Rxh4
{[%clk 01:13:38]} {[%emt 00:00:15]} 32. Rhg1 {[%clk 00:49:34]} {[%emt
00:01:44]} Rh1 {[%emt 00:02:44]} 33. Rg8+ {[%clk 00:48:44]} Rxg8 {[%clk
01:12:53]} {[%emt 00:00:22]} 34. Rxh1 {[%clk 00:49:09]} {[%emt 00:00:05]} Kg7
{[%clk 01:12:29]} {[%emt 00:00:54]} 35. Rg1+ {[%clk 00:48:15]} {[%emt
00:01:24]} Kf7 {[%clk 01:12:51]} {[%emt 00:00:06]} 36. Rh1 {[%clk 00:48:28]}
{[%emt 00:00:19]} Kg7 {[%clk 01:08:52]} {[%emt 00:04:29]} 37. Rg1+ {[%clk
00:48:51]} {[%emt 00:00:07]} Ng6 {[%clk 01:09:15]} {[%emt 00:00:07]} 38. Bh3
{[%clk 00:48:56]} {[%emt 00:00:25]} Kf6 {[%clk 01:09:35]} {[%emt 00:00:09]} 39.
Rh1 {[%clk 00:48:00]} {[%emt 00:01:26]} Rh8 {[%clk 01:09:41]} {[%emt 00:00:24]}
0-1

[Event "ODJM B 2025"]
[Site "Willingen GER"]
[Date "2025.06.08"]
[Round "1"]
[White "Dominik, Anton"]
[Black "Fize, Aleksandrs"]
[Result "1-0"]
[Termination "normal"]
[Board "11"]
[WhiteElo "2015"]
[BlackElo "1712"]
[WhiteClock "00:15:01"]
[BlackClock "00:37:41"]
[PlyCount "35"]
[WhiteFideId "34694501"]
[BlackFideId "34623779"]
[EventCountry "GER"]
[EventRounds "9"]
[EventType "swiss"]
[EventDate "2025.06.07"]

1. e4 {[%clk 01:26:43]} {[%emt 00:04:16]} c5 {[%clk 01:30:54]} {[%emt
00:00:06]} 2. Nc3 {[%clk 01:27:02]} {[%emt 00:00:11]} e6 {[%clk 01:31:19]}
{[%emt 00:00:06]} 3. Nf3 {[%clk 01:27:17]} {[%emt 00:00:14]} Nc6 {[%clk
01:31:41]} {[%emt 00:00:08]} 4. d4 {[%clk 01:27:25]} {[%emt 00:00:22]} cxd4
{[%clk 01:32:06]} {[%emt 00:00:05]} 5. Nxd4 {[%clk 01:27:46]} {[%emt 00:00:08]}
Qc7 {[%clk 01:32:23]} {[%emt 00:00:14]} 6. Be3 {[%clk 01:24:03]} {[%emt
00:04:13]} a6 {[%clk 01:32:36]} {[%emt 00:00:18]} 7. Bd3 {[%clk 01:21:40]}
{[%emt 00:02:52]} Nf6 {[%clk 01:28:57]} {[%emt 00:04:10]} 8. O-O {[%clk
01:20:22]} {[%emt 00:01:48]} Be7 {[%clk 01:26:39]} {[%emt 00:02:48]} 9. Kh1
{[%clk 01:06:30]} {[%emt 00:14:22]} O-O {[%clk 01:21:29]} {[%emt 00:05:39]} 10.
f4 {[%emt 00:06:30]} b5 {[%clk 01:10:06]} {[%emt 00:10:02]} 11. e5 {[%clk
00:56:49]} {[%emt 00:06:02]} Ne8 {[%clk 00:58:11]} {[%emt 00:12:25]} 12. Nxc6
{[%clk 00:47:19]} {[%emt 00:10:00]} dxc6 {[%clk 00:56:17]} {[%emt 00:02:24]}
13. Ne4 {[%clk 00:41:40]} {[%emt 00:06:09]} Bb7 {[%clk 00:56:14]} {[%emt
00:00:33]} 14. Qh5 {[%clk 00:35:09]} {[%emt 00:07:01]} h6 {[%clk 00:49:57]}
{[%emt 00:06:46]} 15. Nc5 {[%clk 00:24:04]} {[%emt 00:11:36]} Rc8 {[%clk
00:42:43]} {[%emt 00:07:44]} 16. Rae1 {[%clk 00:19:45]} {[%emt 00:04:49]} a5
{[%clk 00:40:50]} {[%emt 00:02:25]} 17. f5 {[%clk 00:18:35]} {[%emt 00:01:39]}
Ba8 {[%clk 00:37:41]} {[%emt 00:03:39]} 18. fxe6 {[%clk 00:15:01]} {[%emt
00:04:04]} 1-0